Transcultural nursing : (رقم التسجيلة. 84332)
[ عرض عادي ]
| 000 -الفاتح | |
|---|---|
| حقل البيانات ثابتة الطول | 01567cam a2200373 a 4500 |
| 001 - رقم الضبط | |
| رقم الضبط | 12438303 |
| 003 - محدد رقم الضبط | |
| رقم الضبط | OSt |
| 005 - وقت وتاريخ اخر تعامل مع التسجيلة | |
| رقم الضبط | 20221101152443.0 |
| 008 - عناصر البيانات ثابتة الطول - معلومات عامة | |
| حقل البيانات ثابتة الطول | 010611s2002 nyua b 001 0 eng |
| 020 ## - الرقم الدولى المعيارى للكتب | |
| الرقم الدولى المعيارى للكتاب | 9780071353977 |
| 040 ## - مصدر الفهرسة | |
| وكالة الفهرسة الأصلية | Ma-Un |
| وكالة النسخ | Ma-Un |
| 082 00 - رقم تصنيف ديوى العشرى | |
| رقم التصنيف | 610.73 |
| رقم الطبعة | 21 |
| رقم المادة | LMT |
| 100 1# - المدخل الرئيسى - إسم شخصى | |
| الإسم الشخصى | Leininger, Madeleine M. |
| 245 10 - بيان العنوان | |
| العنوان | Transcultural nursing : |
| بقية العنوان | concepts, theories, research and practice / |
| بيان المسئوليه,etc | Madeleine Leininger, Marilyn R. McFarland. |
| 250 ## - بيان الطبعة | |
| بيان الطبعة | 3rd ed. |
| 260 ## - PUBLICATION, DISTRIBUTION, ETC. (IMPRINT) | |
| مكان الناشر او الموزع | New York : |
| اسم الناشر او الموزع | McGraw-Hill, Medical Pub. Division, |
| تاريخ النشر أو التوزيع | c2002. |
| 300 ## - الوصف المادى | |
| التعداد | xxi, 621 p. : |
| تفاصيل ماديه اخرى للوعاء | ill. (some col.) ; |
| أبعاد الوعاء | 24 cm. |
| 500 ## - تبصرة عامة | |
| تبصرة عامة | Rev. ed. of: Transcultural nursing. 2nd ed. c1995. |
| 504 ## - تبصرة ببليوجرافية | |
| تبصرة ببليوجرافية,الخ | Includes bibliographical references and index. |
| 650 #0 - المدخل الاضافى بالموضوع-مصطلح موضوعى | |
| مصطلح موضوعي أو اسم جغرافي كعنصر مدخل | Transcultural nursing. |
| 650 12 - المدخل الاضافى بالموضوع-مصطلح موضوعى | |
| مصطلح موضوعي أو اسم جغرافي كعنصر مدخل | Transcultural Nursing. |
| 650 22 - المدخل الاضافى بالموضوع-مصطلح موضوعى | |
| مصطلح موضوعي أو اسم جغرافي كعنصر مدخل | Cross-Cultural Comparison. |
| 650 22 - المدخل الاضافى بالموضوع-مصطلح موضوعى | |
| مصطلح موضوعي أو اسم جغرافي كعنصر مدخل | Cultural Diversity. |
| 650 22 - المدخل الاضافى بالموضوع-مصطلح موضوعى | |
| مصطلح موضوعي أو اسم جغرافي كعنصر مدخل | Philosophy, Nursing. |
| 700 1# - المدخل الاضافى - اسم شخصى | |
| الإسم الشخصى | McFarland, Marilyn R. |
| 856 42 - الوصول و الموقع الالكترونى | |
| معرف المصدر الموحد | http://www.loc.gov/catdir/description/mh021/2001042559.html |
| 856 41 - الوصول و الموقع الالكترونى | |
| معرف المصدر الموحد | http://www.loc.gov/catdir/toc/mh021/2001042559.html |
| 856 42 - الوصول و الموقع الالكترونى | |
| معرف المصدر الموحد | http://www.loc.gov/catdir/enhancements/fy0739/2001042559-b.html |
| 952 ## - LOCATION AND ITEM INFORMATION (KOHA) | |
| نوع المادة فى نظام كوها | كتاب |
| 952 ## - LOCATION AND ITEM INFORMATION (KOHA) | |
| نوع المادة فى نظام كوها | كتاب |
| 952 ## - LOCATION AND ITEM INFORMATION (KOHA) | |
| نوع المادة فى نظام كوها | كتاب |
| 730 0# - المدخل الاضافى- عنوان موحد | |
| عنوان موحد | Transcultural nursing. |
| 9 (RLIN) | 19869 |
| 942 ## - | |
| -- | ddc |
| -- | BOOK |
| 906 ## - عنصر بيانات محلى F, LDF (RLIN) | |
| a | 7 |
| b | cbc |
| c | orignew |
| d | 1 |
| e | ocip |
| f | 20 |
| g | y-gencatlg |
| حالة الفقد | نموذج السعر الفعال | حالة تلف | ليس للاعارة | تاريخ الاكتساب | رقم الطلب | تاريخ الاكتساب | الموقع الحالي | الباركود | الفرع الرئيسي | Date last seen | مصدر التصنيف او خطة الترفيف | Total Checkouts |
|---|---|---|---|---|---|---|---|---|---|---|---|---|
| 2022-11-01 | Not For Loan | 2022-11-01 | 610.73 LMT | 2022-11-01 | CL | 00268721 | المكتبة المركزية بالمجمعة (CL) | 2022-11-01 | Dewey Decimal Classification | |||
| 2022-12-15 | 2022-12-15 | 610.73 LMT | 2022-12-15 | CL | 00270389 | المكتبة المركزية بالمجمعة (CL) | 2022-12-15 | Dewey Decimal Classification | ||||
| 2022-12-15 | 2022-12-15 | 610.73 LMT | 2022-12-15 | CL | 00270390 | المكتبة المركزية بالمجمعة (CL) | 2022-12-15 | Dewey Decimal Classification |
